Statistics for World's Largest Employers

Click here to take the quiz!

General Stats

  • This quiz has been taken 120 times
  • The average score is 2 of 10

Answer Stats

CountrySizeTypeEmployer% Correct
United States2.1 millionPublicWal-Mart
64%
United States1.9 millionPublicMcDonald's
39%
India1.4 millionGovernmentIndian Railways
23%
United Kingdom1.7 millionGovernmentNational Health Service
23%
United States3.2 millionGovernmentDepartment of Defense
17%
India1.3 millionGovernmentIndian Armed Forces
15%
China2.3 millionGovernmentPeople's Liberation Army
9%
Taiwan1.2 millionPublicHon Hai Precision Industry
6%
China1.6 millionGovernmentChina National Petroleum Corporation
3%
China1.5 millionGovernmentState Grid Corporation of China
3%

Score Distribution

Percentile by Number Answered

Percent of People with Each Score

Your Score History

You have not taken this quiz